000 00908nam a22002897a 4500
003 DO-SdBNP
005 20230518101454.0
008 161213b 2000 sp ||| 00| 0 spa d
020 _a9788434862937
040 _aBPMSU
_bspa
_cBPMSU
082 4 _a398.8
_bC229d 2000
_222
100 1 _aReviejo, Carlos
245 1 0 _aCantares y decires :
_bantología de folclore infantil /
_c selección e introducción Carlos Reviejo, Eduardo Soler
250 _a3a ed.
260 _aMadrid, España :
_bEdiciones S. M.,
_c2000.
300 _a236 p. :
_bil.;
_c28 cm.
490 0 _aPara padres y maestros
590 _6Inventariado, 2023/VM
650 4 _aCanciones infantiles.
_vColecciones
650 4 _aFolclor infantil
650 4 _aJuegos infantiles
690 _a
700 1 _aSoler, Eduardo
_d1942-,
700 1 _aReviejo, Carlos
910 _aBTAVÁREZ/ VMateo V. Control de calidad (BPMSU)
942 _2ddc
_cBK
999 _c12408
_d12408